Introduction to Data Science Using R (Record no. 13402)

MARC details
000 -LEADER
fixed length control field 00391nam a22001697a 4500
003 - CONTROL NUMBER IDENTIFIER
control field OSt
008 - FIXED-LENGTH DATA ELEMENTS--GENERAL INFORMATION
fixed length control field 220615b ||||| |||| 00| 0 eng d
020 ## - INTERNATIONAL STANDARD BOOK NUMBER
International Standard Book Number 9789389354508
082 ## - DEWEY DECIMAL CLASSIFICATION NUMBER
Classification number 006.31 ALI
100 ## - MAIN ENTRY--PERSONAL NAME
Personal name ALLA, Prema
245 ## - TITLE STATEMENT
Title Introduction to Data Science Using R
250 ## - EDITION STATEMENT
Edition statement 2nd Ed.
260 ## - PUBLICATION, DISTRIBUTION, ETC. (IMPRINT)
Place of publication, distribution, etc Hyderabad
Name of publisher, distributor, etc BS Pub.
Date of publication, distribution, etc 2024
300 ## - PHYSICAL DESCRIPTION
Extent 311
650 ## - SUBJECT ADDED ENTRY--TOPICAL TERM
Topical term or geographic name as entry element CSE
942 ## - ADDED ENTRY ELEMENTS (KOHA)
Source of classification or shelving scheme Dewey Decimal Classification
Koha item type Text Books
Holdings
Withdrawn status Lost status Source of classification or shelving scheme Damaged status Not for loan Collection code Home library Current library Date acquired Source of acquisition Currency Cost, normal purchase price Bill Number Total Checkouts Full call number Acc. no. / Barcode Date last seen Actual Cost, discounted price Bill Date Koha item type
    Dewey Decimal Classification     B.Tech(IT) PIET C-LIBRARY PIET C-LIBRARY 19/04/2025 Zaffa Books INR 495.00 ZBD0067   006.31 ALI 39547 24/04/2025 371.25 19/04/2025 Reference Books
    Dewey Decimal Classification     B.Tech(IT) PIET C-LIBRARY PIET C-LIBRARY 19/04/2025 Zaffa Books INR 495.00 ZBD0067   006.31 ALI 39548 24/04/2025 371.25 19/04/2025 Text Books
    Dewey Decimal Classification     B.Tech(IT) PIET C-LIBRARY PIET C-LIBRARY 19/04/2025 Zaffa Books INR 495.00 ZBD0067   006.31 ALI 39549 24/04/2025 371.25 19/04/2025 Text Books
    Dewey Decimal Classification     B.Tech(IT) PIET C-LIBRARY PIET C-LIBRARY 19/04/2025 Zaffa Books INR 495.00 ZBD0067   006.31 ALI 39550 24/04/2025 371.25 19/04/2025 Text Books
    Dewey Decimal Classification     B.Tech(IT) PIET C-LIBRARY PIET C-LIBRARY 19/04/2025 Zaffa Books INR 495.00 ZBD0067   006.31 ALI 39551 24/04/2025 371.25 19/04/2025 Text Books
    Dewey Decimal Classification     B.Tech(IT) PIET C-LIBRARY PIET C-LIBRARY 19/04/2025 Zaffa Books INR 495.00 ZBD0067   006.31 ALI 39552 24/04/2025 371.25 19/04/2025 Text Books
    Dewey Decimal Classification     B.Tech(IT) PIET C-LIBRARY PIET C-LIBRARY 19/04/2025 Zaffa Books INR 495.00 ZBD0067   006.31 ALI 39553 24/04/2025 371.25 19/04/2025 Text Books
    Dewey Decimal Classification     B.Tech(IT) PIET C-LIBRARY PIET C-LIBRARY 19/04/2025 Zaffa Books INR 495.00 ZBD0067   006.31 ALI 39554 24/04/2025 371.25 19/04/2025 Text Books
    Dewey Decimal Classification     B.Tech(IT) PIET C-LIBRARY PIET C-LIBRARY 19/04/2025 Zaffa Books INR 495.00 ZBD0067   006.31 ALI 39555 24/04/2025 371.25 19/04/2025 Text Books
    Dewey Decimal Classification     B.Tech(IT) PIET C-LIBRARY PIET C-LIBRARY 19/04/2025 Zaffa Books INR 495.00 ZBD0067   006.31 ALI 39556 24/04/2025 371.25 19/04/2025 Text Books

Design & Developed by: PIET Central Library
R70 Miles Stone Pattikalyana Samalkha Panipat 132102
mail ID :- [email protected], Phone No:- 0180-2569700 Ex.216